000 00653nam a2200253Ia 4500
001 42010
005 20240114003447.0
007 ta
008 080606s2007 g b000 u 903 u
040 _aCotton College,Assam
041 _a903
082 _a001.642
_bNe 35 Ra
100 _aNeogy, J.L. .
245 0 _aRapidex Computer Course /
_cJ.L.Neogy & others.
_hTextual Documents
250 _a12th ed /
260 _aDelhi :
_bPustak Mahal ,
_c2007.
300 _a533pg ;
_c24cm.
653 _aComputer- Rapidex Computer
653 _aG- Computer
942 _2ddc
_cBK
999 _c41976
_d41976